00698cam a2200229 a 4500001000800000005001700008008004100025010001700066020001500083035002000098040001600118041000800134080001500142082001900157100000700176101000800183245008900191906004500280942001200325999001700337952011400354310638720180111051050.0990423s1999 nyua 001 0 eng d a 99216577  a1564202224 a(OCoLC)41242859 aArcArdDLC aeng a428.24 ZWI00a428.24 ZWI2211 a46 aEDU10aEnglish for everyday activities :cLawrence J. Zwier ; [illustrations, Nozumi Kudo]. a7bcbcccopycatd2encipf19gy-gencatlg 2ddccBK c40092d40092 00102udc40708PËKGa002b002cPËKGd2018-01-11l0o428.24 ZWIp002-2994867r2018-01-11w2018-01-11yBK